000 00999nam a2200265 a 4500
003 DO-SdBNP
005 20220706111622.0
007 ta
008 220706e2018 dr ||||er|||| 000 jdspa d
020 _a9787880599934
040 _aDO-SdBNP
_bspa
_cBNPHU
082 4 _222
_bT219d
100 1 _974011
_aTatis Pérez, Vladimir
245 1 0 _aDe castigo en la azotea:
_bcuento. /
_cVladimir Tatis Pérez.
260 _aSanto Domingo :
_bSoto Castillo,
_c2018
300 _a94 p. :
_c23 cm.
500 _aIncluye datos biográficos del autor en la solapa de la cubierta.
586 _aProyectos culturales. 2da. Convocatoria Nacional 2014
586 _aGanadora del 2d. lugar del concurso de narrativa del Proyecto "De la idea al objeto", organizado por el Taller Literario Narradores de Santo Domingo.
590 _aInventariado 2022 / MF
650 4 _96650
_aCertamenes Literario
_zRepública Dominicana
650 4 _949883
_aCuentos Dominicanos
_xConcurso
910 _aMFeliz
942 _2ddc
_cLBS1
999 _c52150
_d52150